00849nam a2200217 a 450000100060000000300080000600500170001400800410003103500190007204000350009104100080012608200250013410000250015924501130018426000850029730000380038250200910042050400340051165000390054570000470058481948BD-RjUL20231108112134.0230919s2014 bg a|||| m||| 00| 0 eng d a(BD-RjUL)81948 aBD-RjULbengcBD-RjULdBD-RjUL aeng 223a327.05bHOB 2014 aHossain, Md. Shayeed10aBangladesh-Myanmar Relations, 1972-2010 /cMd. Shayeed Hossain ;6Supervisor : Mohammad Mohibullah Siddiquee aRajshahi :bInstitute of Bangladesh Studies (IBS), University of Rajshahi,c2014 axxi, 337 Leaves :bill, ;c29 cm. aThesis (Ph. D.) -- Institute of Bangladesh Studies (IBS), University of Rajshahi, 2014 aBibliography : leaves 276-310 aInternational relationsvResearch  aSiddiquee, Mohammad Mohibullah, Supervisor